Internet a www sídlo ako nástroje budovania imidžu firiem a podnikov

Využitie internetu ako imidžotvorného prvku. Zmysel a význam www sídla pri budovaní imidžu organizácie. Zlepšovanie a udržiavanie dobrého imidžu je dlhodobý proces, preto je rozumné využívať možnosti, ktoré ponúka technologický pokrok v oblasti internetových aplikácií. Prostredníctvom dobre vytvoren...

Descripción completa

Guardado en:
Detalles Bibliográficos
Autor principal: Loydlová, Miroslava
Formato: Capítulo de libro
Lenguaje:eslovaco
Materias:
Etiquetas: Agregar Etiqueta
Sin Etiquetas, Sea el primero en etiquetar este registro!

MARC

LEADER 00000naa$a2200000$$$4500
001 0051738
005 20240502071614.2
041 0 |a slo 
044 |a SK 
245 1 0 |a Internet a www sídlo ako nástroje budovania imidžu firiem a podnikov  |c Miroslava Loydlová 
520 |a Využitie internetu ako imidžotvorného prvku. Zmysel a význam www sídla pri budovaní imidžu organizácie. Zlepšovanie a udržiavanie dobrého imidžu je dlhodobý proces, preto je rozumné využívať možnosti, ktoré ponúka technologický pokrok v oblasti internetových aplikácií. Prostredníctvom dobre vytvoreného www sídla môže firma ukázať, že je moderná, schopná prispôsobiť sa novým trendom a držať krok s aktuálnym vývojom. Reklama na internete môže zvýšiť predaj, zlepšiť imidž značky a priniesť zákazníkom nové informácie o produktoch a službách. 
610 2 0 |a organizácie 
610 2 0 |a firmy 
610 2 0 |a imidž 
610 2 0 |a internet 
610 2 0 |a distribúcia informácií 
610 2 0 |a reklama 
610 2 0 |a zákazníci 
100 1 |a Loydlová, Miroslava